La nueva imagen del mundo (Record no. 178029)

MARC details
000 -LEADER
campo de control de longitud fija 01222nam a2200325 i 4500
001 - NÚMERO DE CONTROL
campo de control 178029
003 - IDENTIFICADOR DE NÚMERO DE CONTROL
campo de control ES-MaACL
005 - FECHA Y HORA DE LA ÚLTIMA TRANSACCIÓN
campo de control 20250727022525.0
008 - DATOS DE LONGITUD FIJA--INFORMACIÓN GENERAL
campo de control de longitud fija 110513s2003 sp |||| | spa d
020 ## - NÚMERO INTERNACIONAL ESTÁNDAR DEL LIBRO
Número Internacional Estándar del Libro 3905095262
080 ## - NÚMERO DE LA CLASIFICACIÓN DECIMAL UNIVERSAL
Número de la Clasificación Decimal Universal 113/119
100 1# - ENTRADA PRINCIPAL--NOMBRE DE PERSONA
Nombre de persona Odermatt, Walter.
9 (RLIN) 146517
245 13 - MENCIÓN DEL TÍTULO
Título La nueva imagen del mundo
Resto del título : el mundo exterior /
Mención de responsabilidad, etc. Walter Odermatt ; [traducido del alemán por Tihomir Pistelek].
246 38 - FORMA VARIANTE DEL TITULO
Título propio/Titulo breve Cosmología.
Número de parte o sección de la obra 1
250 ## - MENCION DE EDICION
Mención de edición 1ª ed.
260 ## - PUBLICACIÓN, DISTRIBUCIÓN, ETC.
Lugar de publicación, distribución, etc. Sarnen :
Nombre del editor, distribuidor, etc. Anthropos AG,
Fecha de publicación, distribución, etc. 2003- (
Lugar de fabricación/manufactura [Madrid] :
Fabricante Franjograf)
300 ## - DESCRIPCIÓN FÍSICA
Extensión 216 p. ;
Dimensiones 22 cm.
490 1# - MENCIÓN DE SERIE
Mención de serie Filosofía ;
Designación de volumen o secuencia 1
500 ## - NOTA GENERAL
Nota general Glosario.
500 ## - NOTA GENERAL
Nota general Índice.
504 ## - NOTA DE BIBLIOGRAFÍA, ETC.
Nota de bibliografía, etc. Bibliografía: p. 192-193.
505 8# - NOTA DE CONTENIDO CON FORMATO
Nota de contenido con formato Contiene: El Instituto de Investigación : ;
Título El 'Instituto de Investigación Anthropos de Psicología Profunda y Síntesis de Ciencias de la Naturaleza y del Espíritu'
650 07 - PUNTO DE ACCESO ADICIONAL DE MATERIA--TÉRMINO DE MATERIA
Término de materia o nombre geográfico como elemento de entrada Cosmología.
9 (RLIN) 11389
650 #7 - PUNTO DE ACCESO ADICIONAL DE MATERIA--TÉRMINO DE MATERIA
Término de materia o nombre geográfico como elemento de entrada Antropología filosófica
Fuente del encabezamiento o término embne
9 (RLIN) 9891
830 0# - PUNTO DE ACCESO ADICIONAL DE SERIE-TÍTULO UNIFORME
Título uniforme Filosofía ;
Designación de volumen o secuencia 1
9 (RLIN) 177836
852 ## - LOCALIZACIÓN
Ubicación ES-MaACL
itemnumber 184888
Sublocalización o colección R.144374
Número de control de estantería A-11169
Signatura antigua Olim: N-4174
Ubicación en estantería Depósito 1
Encuadernación Donación: Editorial
942 ## - ELEMENTOS DE ENTRADA SECUNDARIOS (KOHA)
Fuente del sistema de clasificación o colocación Clasificación decimal universal
Tipo de ítem Koha Libro impreso
Holdings
Estatus retirado Estado de pérdida Fuente del sistema de clasificación o colocación Estado de daño No para préstamo Biblioteca de origen Biblioteca actual Ubicación en estantería Fecha de adquisición Fuente de adquisición Total de préstamos Signatura topográfica completa Código de barras Visto por última vez Precio de reemplazo Tipo de ítem Koha
    Clasificación decimal universal     Biblioteca del Ateneo de Madrid Biblioteca del Ateneo de Madrid Depósito 1 13/05/2011 Donación   A-11169 1187021 23/02/2023 23/02/2023 Libro impreso